Working with Zia Pakistan's Power Politics 1977-1988 (Record no. 565290)
[ view plain ]
| 000 -LEADER | |
|---|---|
| fixed length control field | 00358nam a2200121Ia 4500 |
| 008 - FIXED-LENGTH DATA ELEMENTS--GENERAL INFORMATION | |
| fixed length control field | 210430s9999 xx 000 0 und d |
| 020 ## - INTERNATIONAL STANDARD BOOK NUMBER | |
| International Standard Book Number | 0-19-577570-8 |
| 082 ## - DEWEY DECIMAL CLASSIFICATION NUMBER | |
| Classification number | 954.9105 A696W |
| 100 ## - MAIN ENTRY--PERSONAL NAME | |
| Personal name | Gen. Khalid Mahmud Arif |
| 9 (RLIN) | 54650 |
| 245 ## - TITLE STATEMENT | |
| Title | Working with Zia Pakistan's Power Politics 1977-1988 |
| Statement of responsibility, etc. | Gen. Khalid Mahmud Arif |
| 300 ## - PHYSICAL DESCRIPTION | |
| Extent | 435 |
| 942 ## - ADDED ENTRY ELEMENTS (KOHA) | |
| Koha item type | Book |
| Source of classification or shelving scheme | |
| Withdrawn status | Lost status | Damaged status | Not for loan | Collection code | Permanent Location | Current Location | Shelving location | Date acquired | Total Checkouts | Full call number | Barcode | Date last seen | Price effective from | Koha item type |
|---|---|---|---|---|---|---|---|---|---|---|---|---|---|---|
| School of Chemical & Materials Engineering (SCME) | School of Chemical & Materials Engineering (SCME) | General Stacks | 07/15/4 | 954.9105 A696W | SCME-4580 | 04/30/2021 | 04/30/2021 | Book |
